Gaming Quiz

Random Gaming Quiz

Red Dead Revolver Characters Quiz Stats

 Plays Quiz not verified by Sporcle

Challenge
Share
Tweet
Embed
Score 0/100 Timer 20:00
0 Plays Today
Journal Chapter Name % Correct
Heroes of the FrontierRed Harlow
100%
Memories of the PastNate Harlow
76.9%
Prof. Perry's Peculiarities 'Pig' Josh
76.9%
Renegade ArmyGeneral Javier Diego
69.2%
Wanted - Dead or AliveMr. Black
69.2%
Protectors of BrimstoneGovernor Griffon
61.5%
Heroes of the FrontierShadow Wolf
61.5%
Wanted - Dead or AliveBad Bessie
61.5%
Heroes of the FrontierBuffalo Soldier
53.8%
Heroes of the FrontierAnnie Stoakes
53.8%
Heroes of the FrontierJack Swift
53.8%
Contestants in the Battle RoyaleMr. Kelley
53.8%
Ugly Chris' Gang'Ugly' Chris Bailey
53.8%
Prof. Perry's PeculiaritiesProfessor Perry
53.8%
Wanted - Dead or AliveSam
53.8%
Renegade ArmyColonel Daren
46.2%
Citizens of the WildernessKatie O'Grady
46.2%
Memories of the PastFalling Star
46.2%
Wanted - Dead or Alive'Bloody' Tom
46.2%
Wanted - Dead or Alive'Dapper' Dan
46.2%
Protectors of BrimstoneSheriff Bartlett
38.5%
Citizens of the WildernessSheriff O'Grady
38.5%
Good People of BrimstoneNatalie Kelley
38.5%
Citizens of the Wilderness'Curly' Shaw
30.8%
Citizens of the Wilderness'Grizzly'
30.8%
Wanted - Dead or Alive'Holstein' Hal
30.8%
Wanted - Dead or Alive'Longhorn' Luke
30.8%
Ugly Chris' Gang'Chicken'
30.8%
Renegade ArmyLt. Cleu
30.8%
Protectors of BrimstoneJason Cornet
30.8%
Protectors of BrimstoneBrendon Cornet
30.8%
Protectors of BrimstoneBryan Cornet
30.8%
Protectors of BrimstoneBryan Cornet
30.8%
Protectors of BrimstoneJerome Cornet
30.8%
Journal Chapter Name % Correct
Protectors of BrimstoneKirk Cornet
30.8%
Protectors of BrimstoneMark Cornet
30.8%
Protectors of BrimstoneOswald Cornet
30.8%
Protectors of BrimstoneRandy Cornet
30.8%
Protectors of BrimstoneRhidian Cornet
30.8%
Protectors of BrimstoneRuss Cornet
30.8%
Protectors of BrimstoneTerry Cornet
30.8%
Outlaws in Twelve States'Smiley' Fawler
30.8%
Prof. Perry's PeculiaritiesFidgit
30.8%
Outlaws in Twelve StatesGordon 'Digs' Fowler
30.8%
Ugly Chris' GangCharlie 'Gigolo' Hancock
30.8%
Prof. Perry's PeculiaritiesAtlas Jones
30.8%
Outlaws in Twelve StatesUdo Kang
30.8%
Wanted - Dead or AliveRico Pedrosa
30.8%
Wanted - Dead or AliveRoberto Pedrosa
30.8%
Prof. Perry's PeculiaritiesClyde 'The Blade' Slade
30.8%
Ugly Chris' Gang'Hedgehog' Thornton
30.8%
Ugly Chris' GangWilliam 'Whiskey' Treadwell
30.8%
Wanted - Dead or AliveGeorge 'Georgy' 'Gorgeous' 'Little Oaf' 'Loaf' Whitney
30.8%
Wanted - Dead or AliveGreg 'Big Oaf' Whitney
30.8%
Outlaws in Twelve StatesCooper
30.8%
Renegade ArmyCaptain Ted Bufias
23.1%
Outlaws in Twelve StatesPaul 'Swig' Bennett
23.1%
Good People of BrimstoneChristina
23.1%
Contestants in the Battle RoyaleBilly 'Kidd' Cougar
23.1%
Outlaws in Twelve States'Father Driscoll'
23.1%
Outlaws in Twelve StatesSidney 'Sissy' Fess
23.1%
Protectors of BrimstonePvt. 'Mad Dog' Jones
23.1%
Wanted - Dead or AliveJesse Lynch
23.1%
Renegade Army'Pick Axe' Miller
23.1%
Citizens of the WildernessChief Running Moon
23.1%
Contestants in the Battle RoyaleGabriel Navarro
23.1%
Outlaws in Twelve StatesOscar Navarro
23.1%
Outlaws in Twelve States'Twiggy' Phelps
23.1%
Journal Chapter Name % Correct
Outlaws in Twelve States'Smitty'
23.1%
Outlaws in Twelve States'Standing Snake'
23.1%
Good People of BrimstoneVerne Wiggins
23.1%
Prof. Perry's PeculiaritiesAsada
15.4%
Good People of BrimstoneCheryl-Lynn
15.4%
Merchants of BrimstoneRalph Clover
15.4%
Renegade ArmyPvt. Eli Hanson
15.4%
Renegade ArmyPvt. 'Ripper' Hernandez
15.4%
n/aHoss
15.4%
Outlaws in Twelve StatesJacques Markus
15.4%
Prof. Perry's Peculiarities'Lightning' Larouche
15.4%
Outlaws in Twelve States'Bad' Bob Larson
15.4%
Merchants of BrimstoneCarnaby Peabody
15.4%
Good People of BrimstoneAbigail Peppercorn
15.4%
Citizens of the WildernessHank Pullman
15.4%
Merchants of BrimstoneManny Quinn
15.4%
Good People of Brimstone'Tammy' Tameri
15.4%
Citizens of the Wilderness'Blind Willy' Wilson
15.4%
Good People of BrimstoneJody
7.7%
Citizens of the WildernessFred Kenyon
7.7%
Merchants of the BrimstoneHanz Kenyon
7.7%
Outlaws in Twelve StatesJuan 'Loco' Sanchez
7.7%
Wanted - Dead or AliveHarry 'Hatchet' Schultz
7.7%
Citizens of the Wilderness'Gabby' Brennan
0%
Good People of BrimstoneJebediah Cole
0%
Good People of BrimstoneSandy Dodge
0%
Outlaws in Twelve StatesJethro Greensleves
0%
Good People of BrimstoneMathias Lampry
0%
Merchants of BrimstonePercy Merriweather
0%
Good People of BrimstoneLily Belle Parsons
0%
Renegade ArmySergio 'The Duelist'
0%
Merchants of BrimstoneEarl 'Doc' Weatherby
0%

You're not logged in!

Compare scores with friends on all Sporcle quizzes.
Join for Free
OR
Log In

You Might Also Like...

Show Comments

Extras

Top Quizzes Today


Score Distribution

Your Account Isn't Verified!

In order to create a playlist on Sporcle, you need to verify the email address you used during registration. Go to your Sporcle Settings to finish the process.

Report this User

Report this user for behavior that violates our Community Guidelines.

Details: